Inovačný manažment vo firme Sony. 1
História firmy Sony Corporation Tokio od založenia (1949) po súčasnosť, míľniky vo vývoji spotrebnej elektroniky. Budovanie inovačného manažmentu Sony's Way, konkurencieschopnosť, spoločnosť nositeľom inovačného pokroku v Japonsku. Ľudia, znalosti a proinovačná politika. Vlastnosti výrobku, na ktoré...
Salvato in:
| Autore principale: | |
|---|---|
| Natura: | Capitolo di libro |
| Lingua: | slovacco |
| Soggetti: | |
| Tags: |
Nessun Tag, puoi essere il primo ad aggiungerne!!
|
MARC
| LEADER | 00000naa a2200000 4500 | ||
|---|---|---|---|
| 001 | r016911 | ||
| 005 | 20221205102951.4 | ||
| 041 | 0 | |a slo | |
| 044 | |a SK | ||
| 245 | 1 | 0 | |a Inovačný manažment vo firme Sony. 1 |c J. Chaľ |
| 520 | |a História firmy Sony Corporation Tokio od založenia (1949) po súčasnosť, míľniky vo vývoji spotrebnej elektroniky. Budovanie inovačného manažmentu Sony's Way, konkurencieschopnosť, spoločnosť nositeľom inovačného pokroku v Japonsku. Ľudia, znalosti a proinovačná politika. Vlastnosti výrobku, na ktoré sa firma sústreďuje: mnohofunkčnosť, náklady, akosť, variabilita, rýchlosť inovácií, spoľahlivosť, ekologickosť. | ||
| 610 | 2 | 0 | |a manažment inovačný |
| 610 | 2 | 0 | |a inovácia |
| 610 | 2 | 0 | |a Sony Corporation Tokio |
| 610 | 2 | 0 | |a Japonsko |
| 610 | 2 | 0 | |a konkurencieschopnosť |
| 610 | 2 | 0 | |a elektronika spotrebná |
| 100 | 1 | |a Chaľ, Ján | |